God in exile (Record no. 120254)
[ view plain ]
| 000 -LEADER | |
|---|---|
| fixed length control field | 00408nam a22001337a 4500 |
| 005 - DATE AND TIME OF LATEST TRANSACTION | |
| control field | 20140426020011.0 |
| 008 - FIXED-LENGTH DATA ELEMENTS--GENERAL INFORMATION | |
| fixed length control field | 140324b xxu||||| |||| 00| 0 eng d |
| 050 ## - LIBRARY OF CONGRESS CALL NUMBER | |
| Classification number | BV4466. |
| Item number | G54 2005 |
| 100 ## - MAIN ENTRY--PERSONAL NAME | |
| Personal name | Alonso, Pablo |
| 9 (RLIN) | 9267 |
| 245 ## - TITLE STATEMENT | |
| Title | God in exile |
| Remainder of title | towards a shared spirituality with refugees |
| Statement of responsibility, etc | Alonso, Pablo |
| 260 ## - PUBLICATION, DISTRIBUTION, ETC. (IMPRINT) | |
| Place of publication, distribution, etc | Roma |
| Name of publisher, distributor, etc | Jesuit Refugee Service |
| 300 ## - PHYSICAL DESCRIPTION | |
| Extent | 158p.; |
| Dimensions | 22cm. |
| 942 ## - ADDED ENTRY ELEMENTS (KOHA) | |
| Source of classification or shelving scheme | Library of Congress Classification |
| Item type | Monograph ( Printed materials) |
| Koha issues (borrowed), all copies | 2 |
| Withdrawn status | Lost status | Source of classification or shelving scheme | Damaged status | Not for loan | Collection code | Home library | Current library | Shelving location | Date acquired | Total Checkouts | Full call number | Barcode | Date last seen | Date last borrowed | Price effective from | Koha item type |
|---|---|---|---|---|---|---|---|---|---|---|---|---|---|---|---|---|
| Library of Congress Classification | Main Collection | ARRUPE LIBRARY | ARRUPE LIBRARY | Main Collection | 24/03/2014 | 2 | BV4466. G54 2005 | 46411107 | 24/01/2017 | 25/04/2014 | 24/03/2014 | Monograph ( Printed materials) |